| 000 | 00996nas a2200313 4500 | ||
|---|---|---|---|
| 001 | BR2014003573 | ||
| 003 | BR-BrBNA | ||
| 005 | 20231205124119.0 | ||
| 007 | ta | ||
| 008 | 230509b bl.|||p| |||| 00| 00por d | ||
| 040 |
_aBR-BrBNA _bpor _cBiblioteca Nacional de Agricultura |
||
| 041 | _a(Pt) | ||
| 072 | _aL02; L01 | ||
| 100 | 1 | _aAlmeida, V.V. de | |
| 100 | 1 | _aBerenchtein, B. | |
| 100 | 1 | _aCosta, L.B. | |
| 100 | 1 | _aTse, M.L.P. | |
| 100 | 1 | _aBraz, D.B. | |
| 100 | 1 | _aMiyada, V.S. | |
| 245 | 1 | _aRactopamina, cro-metionina e suas combinações como aditivos modificadores de metabolismo de suínos em crescimento e terminação | |
| 650 | _aSUÍNO | ||
| 650 | _aRAÇÃO | ||
| 650 | _aCARCAÇA | ||
| 650 | _aNUTRIÇÃO | ||
| 773 | 0 |
_tRevista Brasileira de Zootecnia (Brazil) _xISSN 1806-9290 _g(Sep 2010), v. 39(9) p. 1969-1977 _wBR2014003573 |
|
| 856 | 4 | 0 | _uhttp://www.scielo.br/pdf/rbz/v39n9/a15v39n9.pdf |
| 909 |
_a202311 _bLúcia _c55 _dLúcia Elande |
||
| 942 |
_2AGRIS _n0 _cANA |
||
| 999 |
_c237364 _d237364 |
||